Normal view
MARC view
- Lucas Lucas, Ramón
Entry Nombre Personal
001 - NUMERO DE CONTROL
- campo de control: 34084
003 - IDENTIFICADOR DE NUMERO DE CONTROL
- campo de control: DLC
005 - FECHA Y HORA DE LA ÜLTIMA TRANSACCIÓN
- campo de control: 20240214113058.0
008 - DATOS DE LONGITUD FIJA
- campo de control de longitud fija: 030409n| acannaaba || aaa c
010 ## - NÚMERO DE CONTROL DE LA BIBLIOTECA DEL CONGRESO
- Número de control LC: no2003035840
035 ## - NUMERO DE CONTROL
- Número de control: (OCoLC)oca06021008
040 ## - FUENTE DE CATALOGACIÓN
- Agencia original de catalogación: NjP
- Lenguaje de catalogación: spa
- Agencia de transcripción: NjP
- Agencia que lo modifica: MX-MxUPN
100 1# - ENCABEZAMIENTO - NOMBRE PERSONAL
- Nombre personal: Lucas Lucas, Ramón
670 ## - FUENTE EN LA QUE SE LOCALIZARON DATOS
- Cita de la fuente: Antropologia e problemi bioetici, 2001:
- Información localizada: portada (Ramón Lucas Lucas) página legal (Ramón Lucas Lucas, professor at the Pontificia Università Gregoriana in Rome)
670 ## - FUENTE EN LA QUE SE LOCALIZARON DATOS
- Cita de la fuente: Bioética para todos, 2003:
- Información localizada: portada (Ramón Lucas Lucas)
902 ## - CATALOGADOR
- Catalogador: Víctor Ruiz/140224
